Bite the bullet [DVD/videorecording] / Vista ... Read More
Available copies
- 1 of 1 copy available at LARL/NWRL Consortium. (Show)
- 1 of 1 copy available at Northwest Regional Library.
Current holds
0 current holds with 1 total copy.
Show Only Available Copies
| Location | Call Number / Copy Notes | Barcode | Shelving Location | Status | Due Date |
|---|---|---|---|---|---|
| Grygla LINK Site | DVD BIT (Text) | 35500004393151 | Main | Available | - |
Record details
- ISBN: 0767881478 :
- ISBN: 9780767881470
- Physical Description: 1 videodisc (131 min.) : sd., col. ; 4 3/4 in.
- Publisher: Culver City, CA : Columbia Tristar Home Video, 2002.
Content descriptions
| General Note: | Videodisc release of the 1975 motion picture by Vista Company, Inc. Rated PG. For specific features see interactive menu. |
| Creation/Production Credits Note: | Writer-director, Richard Brooks ; music, Alex ... Read More |
| Participant or Performer Note: | Gene Hackman, Candice Bergen, James Coburn, Ian ... Read More |
| Summary, etc.: | A former Rough Rider, a lovely but shady ... Read More |
| System Details Note: | DVD. |
Search for related items by subject
| Subject: | Horse racing > Drama. West (U.S.) > Drama. |
| Genre: | Feature films. Western films. |
| LDR | 01957cgm a2200481Ia 4500 | ||
|---|---|---|---|
| 001 | 99975 | ||
| 003 | LARL_NWRL_CONSORTIUM | ||
| 005 | 20090122164410.0 | ||
| 007 | vd cvaizu | ||
| 008 | 020426s2002 cau131 vleng d | ||
| 020 | . | ‡a0767881478 : ‡c$24.95 | |
| 020 | . | ‡a9780767881470 | |
| 028 | 4 | 2. | ‡a07761 ‡bDVD Video |
| 035 | . | ‡a(OCoLC)49675140 | |
| 040 | . | ‡aIAM ‡cIAM ‡dRCS ‡dOCLCQ ‡dBTCTA ‡dOCLCG ‡dNRG | |
| 043 | . | ‡an-usp-- | |
| 082 | 0 | 4. | ‡a791.43/72 ‡222 |
| 245 | 0 | 0. | ‡aBite the bullet ‡h[DVD/videorecording] / ‡cVista Company, Inc. |
| 260 | . | ‡aCulver City, CA : ‡bColumbia Tristar Home Video, ‡c2002. | |
| 300 | . | ‡a1 videodisc (131 min.) : ‡bsd., col. ; ‡c4 3/4 in. | |
| 538 | . | ‡aDVD. | |
| 511 | 1 | . | ‡aGene Hackman, Candice Bergen, James Coburn, Ian Bannen, Jan-Michael Vincent, Ben Johnson. |
| 508 | . | ‡aWriter-director, Richard Brooks ; music, Alex North. | |
| 500 | . | ‡aVideodisc release of the 1975 motion picture by Vista Company, Inc. | |
| 500 | . | ‡aRated PG. | |
| 520 | . | ‡aA former Rough Rider, a lovely but shady lady-in-distress, a drifting ex-cowboy, a young reckless cowboy, a haughty English sportsman, and a gutsy Pony Express rider come together to battle the trials of the rugged West in a grueling 700-mile horse race. | |
| 500 | . | ‡aFor specific features see interactive menu. | |
| 650 | 0. | ‡aHorse racing ‡vDrama. | |
| 651 | 0. | ‡aWest (U.S.) ‡vDrama. | |
| 655 | 0. | ‡aFeature films. ‡0(LARL_NWRL_CONSORTIUM)175625 | |
| 655 | 0. | ‡aWestern films. ‡0(LARL_NWRL_CONSORTIUM)175687 | |
| 700 | 1 | . | ‡aHackman, Gene. ‡0(LARL_NWRL_CONSORTIUM)94743 |
| 700 | 1 | . | ‡aBergen, Candice, ‡d1946- ‡0(LARL_NWRL_CONSORTIUM)78248 |
| 700 | 1 | . | ‡aCoburn, James. ‡0(LARL_NWRL_CONSORTIUM)88415 |
| 700 | 1 | . | ‡aBannen, Ian, ‡d1928-1999. ‡0(LARL_NWRL_CONSORTIUM)83439 |
| 700 | 1 | . | ‡aVincent, Jan-Michael, ‡d1944- ‡0(LARL_NWRL_CONSORTIUM)204364 |
| 700 | 1 | . | ‡aJohnson, Ben, ‡d1918-1996. ‡0(LARL_NWRL_CONSORTIUM)85147 |
| 700 | 1 | . | ‡aNorth, Alex. ‡0(LARL_NWRL_CONSORTIUM)77489 |
| 710 | 2 | . | ‡aVista Company, Inc. |
| 710 | 2 | . | ‡aColumbia TriStar Home Video (Firm) ‡0(LARL_NWRL_CONSORTIUM)139356 |
| 901 | . | ‡a99975 ‡bOCLC ‡c99975 ‡tbiblio | |

Add to basket
Permalink
Disable Highlighting